|
|
|
|
| LEADER |
01013nab a2200289 i 4500 |
| 001 |
publ15988 |
| 005 |
20221104110745.0 |
| 008 |
190704s1999 hu o 0|| zxx d |
| 022 |
|
|
|a 1462-0324
|
| 024 |
7 |
|
|a 10.1093/rheumatology/38.10.953
|2 doi
|
| 024 |
7 |
|
|a 1006999
|2 mtmt
|
| 040 |
|
|
|a SZTE Publicatio Repozitórium
|b hun
|
| 041 |
|
|
|a zxx
|
| 100 |
1 |
|
|a Swaak A. J. G.
|
| 245 |
1 |
0 |
|a Systemic lupus erythematosus
|h [elektronikus dokumentum] :
|b clinical features in patients with a disease duration of over 10 years, first evaluation /
|c Swaak A. J. G.
|
| 260 |
|
|
|c 1999
|
| 300 |
|
|
|a 953-958
|
| 490 |
0 |
|
|a RHEUMATOLOGY (UNITED KINGDOM)
|v 38 No. 10
|
| 700 |
0 |
2 |
|a van den Brink H. G.
|e aut
|
| 700 |
0 |
2 |
|a Smeenk R. J. T.
|e aut
|
| 700 |
0 |
2 |
|a Manger K.
|e aut
|
| 700 |
0 |
2 |
|a Kalden J. R.
|e aut
|
| 700 |
0 |
2 |
|a Pokorny Gyula
|e aut
|
| 700 |
0 |
2 |
|a Kovács László
|e aut
|
| 700 |
0 |
2 |
|a Kovács Attila
|e aut
|
| 700 |
0 |
2 |
|a Kiss Emese
|e aut
|
| 856 |
4 |
0 |
|u http://publicatio.bibl.u-szeged.hu/15988/1/SwaakRheumatol1999.pdf
|z Dokumentum-elérés
|